000 02371cam a22005174i 4500
003 PE-LiUPU
005 20250731180136.0
008 150625s r 000 0 d
035 _a(Sirsi) a39083
040 _aPE-LiUPU
_bspa
_cPE-LiUPU
_erda
082 0 4 _a547.072
_bC93
_221
100 1 _aCueva M., Pedro J. A.,
_eautor.
245 1 0 _aLaboratorio de química orgánica /
_cPedro J. A. Cueva M., Juan J. León C. y Alejandro Fukusaki Y.
264 1 _aLima :
_bJuan Gutemberg editores,
_c2004.
300 _a124 páginas :
_bilustraciones ;
_c25 cm.
336 _atext
_2rdacontent
337 _aunmediated
_2rdamedia
338 _avolume
_2rdacarrier
504 _aIncluye bibliografía.
505 0 _aNormas de seguridad. -Propiedades de los compuestos orgánicos. -Cristalización. -Constantes físicas. -Destilación. -Extracción. -Cromatografía en columna. -Cromatografía en capa fina y sobre papel. -Reacciones de hidrocarburos. -Reacciones de alcoholes y fenoles. -Reacciones de aldehídos y cetonas. -Carbohidratos, glúcidos o azúcares. -Aminoácidos y proteínas. -Grasas o lípidos. -Peligrosidad de algunas sustancias de uso frecuente en el laboratorio. -Constantes físicas de algunos solventes. -Medios de desecación - mezclas frigoríficas. -Mezclas hidro-etanólicas. -Preparación de reactivos. -Algunas mezclas azeotrópicas binarias. -Reveladores usados en cromatografía.
526 _aSEG44
526 _aSEG26
526 _aP159
526 _aP155
526 _aP154
526 _aP153
526 _aP150
526 _aP100
526 _aP31
526 _aP30
526 _aP26
526 _aP25
526 _aP24
526 _aP22
526 _aP15
526 _aP10
650 0 4 _aQuímica orgánica
_vManuales de laboratorio.
700 1 _aLeón C. Juan J.,
_eautor.
700 1 _aFukusaki Y., Alejandro,
_eautor.
910 _bjv
_clch
_d20080819
942 _2ddc
_cBOOK
949 _a547.072 C93
_wDEWEY
_c1
_i58534
_lCCODEBUL1
_mBUL
_p10
_r0
_sY
_tBOOK
_u2015-06-25
_xINGENIERIA
_PP26
_0COMPRA
_o.STAFF. Colección General
596 _a1
999 _a547.072 C93
_wDEWEY
_c47435
_i58534
_d47435
_e2015-11-15
_f2021-11-5
_g6
_lCCODEBUL1
_mBUL
_n3
_q3
_r0
_sN
_tBOOK
_u2015-6-25
_xBIBLIOTECA
_PP26
_0COMPRA
_o.STAFF. Colección General
980 _81
_gALBERTO SANCHEZ Responsable de Automatización